000 00479nam a2200181Ia 4500
001 24489
005 20260414151047.0
008 260414t2019||||xx |||||||||||||| ||spa||
041 _aESP
082 _a345.7J
_bG312
100 _aGaceta Jurídica
_eAUT
245 0 _a1000 criterios jurisprudenciales procesales civiles que todo abogado debe conocer
_b
260 _c2019
300 _a558 páginas :
_c25 cm.
650 _aDER
654 _aCDE
942 _cLIB
_dJUS
_fJUS
_2ddc
_n
999 _c24489
_d24489